1471 1939 1218 1718 1963 1049 1986 1484 1421 1947 1927 1519 1899 1719 1498 1650 1796 1222 1229 1285 1698 1976 1571 1010 1369 1516 1740 1417 1130 1233 1573 1596 1472 1383 1759 1892 1002 1138 1328 1565 1106 1993 1116 1485 1545 1875 1603 1488 1289 1776 1540 1504 1535 1116 1792 1560 1763 1744 1963 1126 1949 1626 1472 1625 1985 1809 1068 1067 1955 1467 1865 1644 1580 1508 1618 1050 1635 1116 1791 1868 1142 1301 1989 1815 1552 1690 1308 1044 1723 1432 1186 1907 1159 1929 1765 1727 1474 1118 1396 BCNSPRNW ULIB Ver.6.0+V

เปลี่ยนเป็นภาษาไทย

Change to English
 แสดงรายละเอียดบรรณานุกรม
  กลับหน้าหลัก

Brief Record : Get Marc (ISO 2709) : E-mail record : QR code < ปิดหน้าต่าง
LEADER : 00000nam 2200000uu 4500
001    13399108320
003     ULIB
008    110301s2543||||th 000 0 tha d
020    9746125435
041    tha
060 04 WY157^bศ213ค 2543
100 0  ศรีนวล โอสถเสถียร
245 10 คู่มือจุดเน้นทางการพยาบาลแม่-เด็กและการผดุงครรภ์ /^cโดยศรีนวล โอสถเสถียร
250    พิมพ์ครั้งที่ 1
260    กรุงเทพฯ :^bวีเจ พริ้นติ้ง,^c2543
300    0237 หน้า :^bภาพประกอบ ;^c21 ซม.
650  7 การพยาบาลสูติศาสตร์^xคู่มือ
650  7 อนามัยแม่และเด็ก^xการพยาบาล^xคู่มือ
650  7 ครรภ์^xการพยาบาล^xคู่มือ
650  7 ครรภ์, การบำรุงรักษา^xคู่มือ
650  7 การคลอด^xการพยาบาล^xคู่มือ
945    ^p150^l0^i012534
945    ^p150^l0^i012535
945    ^p150^l0^i012536
945    ^p150^l0^i012537
945    ^p150^l0^i012538
945    ^p150^l0^i013355
945    ^p150^l0^i013390
999 เก ษร
รายการนี้ยังไม่มีแท็ก
คุณยังไม่ได้ล็อกอิน คุณสามารถมีกิจกรรมร่วมกับเว็บไซต์ได้ แต่ต้องล็อกอินก่อน ::
  ล็อกอิน

รายการสื่อสารสนเทศ

ลำดับที่ ประเภท เลขเรียก/บาร์โค้ด สถานที่ สถานะ
- ไม่พบข้อมูล -

รายการใกล้เคียง
    ผู้แต่ง [ศรีนวล โอสถเสถียร]

BibComment


ยังไม่เคยถูกคอมเมนท์

คอมเมนท์ทรัพยากรรายการนี้
  คอมเมนท์: คู่มือจุดเน้นทางก..


 Copyright 2026. Bcnsprnw @Library